000
00205 a2200097 4500
001
3586
100
_a
Iqbal, J
245
_a
Note book of allama iqbal A
260
_a
_b
Ghulam Ali
_c
090
_c
2850
_d
2850
942
_a
NUST-CAE
_c
M
_c
20558
999
_c
238659
_d
238659